[Event "DM 2023 G7 Grp 1"]
[Site "Svendborg"]
[Date "2023.04.08"]
[Round "5"]
[White "Christensen, John Christopher H"]
[Black "Christensen, Jacob Foged"]
[Result "1/2-1/2"]
[WhiteElo "1924"]
[BlackElo "1832"]
[PlyCount "50"]
[EventDate "2023.04.04"]
[EventType "swiss"]
[EventRounds "7"]
[EventCountry "DEN"]
[SourceTitle "Live v. Kasper Jerwiarz"]

1. e4 c5 2. Nf3 g6 3. d4 cxd4 4. Nxd4 Bg7 5. c4 Nc6 6. Be3 Nf6 7. Nc3 d6 8. f3
Bd7 9. Qd2 O-O 10. Be2 Qa5 11. O-O Rfc8 12. Rfd1 Ne5 13. b3 a6 14. a4 Nc6 15.
Rab1 Nxd4 16. Bxd4 Be6 17. Qe3 Nd7 18. Nd5 Bxd5 19. exd5 Bxd4 20. Rxd4 Re8 21.
Re4 Qc5 22. Re1 a5 23. Kf2 Rac8 24. Bd1 Rc7 25. Qxc5 Nxc5 1/2-1/2

[Event "DM 2023 G7 Grp 1"]
[Site "Svendborg"]
[Date "2023.04.08"]
[Round "5"]
[White "Nielsen, Thomas (1975)"]
[Black "Larsen, Ulrik"]
[Result "1/2-1/2"]
[WhiteElo "1973"]
[BlackElo "2028"]
[PlyCount "58"]
[EventDate "2023.04.04"]
[EventType "swiss"]
[EventRounds "7"]
[EventCountry "DEN"]
[SourceTitle "Live v. Kasper Jerwiarz"]

1. d4 Nf6 2. c4 g6 3. Nc3 Bg7 4. e4 d6 5. Be2 O-O 6. Be3 e5 7. d5 Na6 8. g4 Nc5
9. Bf3 c6 10. g5 Nfd7 11. h4 f5 12. gxf6 Bxf6 13. h5 Bg5 14. hxg6 hxg6 15. Qd2
Bf4 16. O-O-O Nb6 17. Be2 Nba4 18. f3 Nxc3 19. Qxc3 cxd5 20. cxd5 Bd7 21. Bxf4
Rxf4 22. Kb1 Na4 23. Qd2 Qb6 24. Nh3 Bxh3 25. Rxh3 Rc8 26. Rdh1 Kg7 27. Rh7+
Kf6 28. Rc1 Rxc1+ 29. Qxc1 a6 1/2-1/2

[Event "DM 2023 G7 Grp 1"]
[Site "Svendborg"]
[Date "2023.04.08"]
[Round "5"]
[White "Christensen, Adam Stanczyk"]
[Black "Skaelbaek, Noah"]
[Result "0-1"]
[WhiteElo "1882"]
[BlackElo "1879"]
[PlyCount "72"]
[EventDate "2023.04.04"]
[EventType "swiss"]
[EventRounds "7"]
[EventCountry "DEN"]
[SourceTitle "Live v. Kasper Jerwiarz"]

1. e4 c5 2. b4 cxb4 3. d4 Nf6 4. Bd3 Nc6 5. Nf3 d6 6. a3 Bg4 7. Bb2 Qb6 8. d5
bxa3 9. Rxa3 Qxb2 10. Rb3 Qa1 11. dxc6 bxc6 12. O-O Qa5 13. Nbd2 Nd7 14. Qb1
Bxf3 15. Nxf3 g6 16. Qb2 Ne5 17. Ng5 Bg7 18. Kh1 O-O 19. Qa3 Qxa3 20. Rxa3 Nxd3
21. cxd3 Rfb8 22. h3 a5 23. Nf3 c5 24. Nd2 a4 25. f3 e6 26. Rf2 Rb2 27. g3 Bd4
28. Rg2 d5 29. Kh2 Rb4 30. f4 c4 31. Nf3 Bb2 32. Ra2 a3 33. dxc4 dxc4 34. Ne5
Bxe5 35. fxe5 c3 36. Ra1 a2 0-1

[Event "DM 2023 G7 Grp 1"]
[Site "Svendborg"]
[Date "2023.04.09"]
[Round "6"]
[White "Perets, Dmitry"]
[Black "Gregor, Bjarke"]
[Result "0-1"]
[WhiteElo "1968"]
[BlackElo "2095"]
[PlyCount "80"]
[EventDate "2023.04.04"]
[EventType "swiss"]
[EventRounds "7"]
[EventCountry "DEN"]
[SourceTitle "Live v. Kasper Jerwiarz"]

1. Nf3 Nf6 2. c4 e6 3. b3 d5 4. Bb2 c5 5. e3 Nc6 6. cxd5 exd5 7. d4 cxd4 8.
Nxd4 Bb4+ 9. Bc3 Bd6 10. Bb5 Bd7 11. O-O O-O 12. Be2 Ne5 13. Nb5 Bb8 14. Bb4
Bxb5 15. Bxb5 Qc7 16. g3 Rd8 17. Qc1 Nf3+ 18. Kg2 Qe5 19. Nd2 Nh4+ 20. Kg1 d4
21. exd4 Qxb5 22. Be7 Qf5 23. f3 Rc8 24. Qe1 Ng6 25. Bxf6 Qxf6 26. Qe4 Bd6 27.
Nc4 Re8 28. Qxb7 Qxd4+ 29. Kh1 Rab8 30. Qa6 Bc5 31. Rad1 Qf6 32. Qxf6 gxf6 33.
Rd5 Bb6 34. h4 Rbd8 35. Rb5 Re6 36. f4 Ne7 37. a4 Rd3 38. a5 Bd4 39. Kg2 Re2+
40. Kh3 Bf2 0-1

[Event "DM 2023 G7 Grp 1"]
[Site "Svendborg"]
[Date "2023.04.09"]
[Round "6"]
[White "Loveid, Erik"]
[Black "Rossen, Claus"]
[Result "1-0"]
[WhiteElo "2023"]
[BlackElo "2097"]
[PlyCount "111"]
[EventDate "2023.04.04"]
[EventType "swiss"]
[EventRounds "7"]
[EventCountry "DEN"]
[SourceTitle "Live v. Kasper Jerwiarz"]

1. d4 Nf6 2. Bg5 c5 3. Nc3 cxd4 4. Qxd4 Nc6 5. Qh4 Qb6 6. O-O-O d6 7. e4 Be6 8.
Bb5 a6 9. Ba4 Qa5 10. Bb3 Bxb3 11. cxb3 Rc8 12. Bxf6 gxf6 13. Nge2 Qg5+ 14.
Qxg5 fxg5 15. h4 g4 16. Kb1 e6 17. Ng3 Ke7 18. Rhe1 Bg7 19. Nh5 Be5 20. f4 gxf3
21. gxf3 Rhg8 22. Nd5+ exd5 23. exd5 Rg2 24. dxc6 Rxb2+ 25. Ka1 Rf2+ 26. Kb1
Rxf3 27. cxb7 Rb8 28. Rf1 Rxf1 29. Rxf1 Rxb7 30. Nf4 Bxf4 31. Rxf4 Ke6 32. Ra4
Rb6 33. Kc2 f5 34. Kd3 Ke5 35. Ke3 d5 36. Ke2 Rc6 37. h5 f4 38. Kf3 Rc3+ 39.
Kf2 Rh3 40. Rxa6 Rxh5 41. b4 Rh2+ 42. Kf3 Rh3+ 43. Kf2 d4 44. b5 d3 45. Ra8 Rh6
46. a4 Rd6 47. Ke1 f3 48. Rf8 d2+ 49. Kd1 Ke4 50. a5 Rd5 51. a6 Ke3 52. a7 Rxb5
53. Rxf3+ Kxf3 54. a8=Q+ Kg3 55. Qg8+ Kf4 56. Qc4+ 1-0

[Event "DM 2023 G7 Grp 1"]
[Site "Svendborg"]
[Date "2023.04.09"]
[Round "6"]
[White "Jalving, August"]
[Black "Ostergreen Johansen, Benjamin"]
[Result "1-0"]
[WhiteElo "1962"]
[BlackElo "1962"]
[PlyCount "83"]
[EventDate "2023.04.04"]
[EventType "swiss"]
[EventRounds "7"]
[EventCountry "DEN"]
[SourceTitle "Live v. Kasper Jerwiarz"]

1. d4 d5 2. c4 e6 3. Nc3 c5 4. cxd5 exd5 5. Nf3 Nf6 6. g3 Nc6 7. Bg2 cxd4 8.
Nxd4 Bc5 9. Nb3 Bb6 10. Nxd5 Be6 11. Nxf6+ Qxf6 12. O-O h5 13. Qd6 Rd8 14.
Bxc6+ bxc6 15. Qxc6+ Kf8 16. Be3 Bxe3 17. fxe3 Qe5 18. Qc5+ Qxc5 19. Nxc5 Bg4
20. Rad1 Ke7 21. Kf2 Rc8 22. b4 a5 23. a3 Rh6 24. Rd4 Rb6 25. Re4+ Kd6 26. Rd4+
Ke7 27. Rfd1 axb4 28. axb4 f6 29. Re4+ Kf7 30. Ra1 Rc7 31. Ke1 Bf5 32. Rd4 Ke7
33. e4 Bg6 34. Kd2 Bf7 35. Kc3 Rb8 36. e3 Be8 37. e5 Bb5 38. exf6+ gxf6 39. Rd5
Be8 40. Ra6 Bb5 41. Re6+ Kf7 42. Rdd6 1-0

[Event "DM 2023 G7 Grp 1"]
[Site "Svendborg"]
[Date "2023.04.09"]
[Round "6"]
[White "Jensen, Morten Frank"]
[Black "Leonhardsen, Vebjorn Maanum"]
[Result "1/2-1/2"]
[WhiteElo "2048"]
[BlackElo "1885"]
[PlyCount "131"]
[EventDate "2023.04.04"]
[EventType "swiss"]
[EventRounds "7"]
[EventCountry "DEN"]
[SourceTitle "Live v. Kasper Jerwiarz"]

1. d4 d5 2. Nf3 Nf6 3. g3 Bf5 4. Bg2 e6 5. c4 c6 6. Nc3 Be7 7. Qb3 Qb6 8. c5
Qxb3 9. axb3 O-O 10. b4 Nbd7 11. b5 cxb5 12. Nxb5 a6 13. Nc3 h6 14. h3 Rfc8 15.
g4 Bg6 16. O-O Ne4 17. Na4 Bd8 18. Bf4 b6 19. b4 a5 20. Rfc1 bxc5 21. bxc5 Rc6
22. Ne5 Nxe5 23. Bxe5 Bc7 24. Bxc7 Rxc7 25. Nb6 Rb8 26. f3 Nf6 27. Re1 Ra7 28.
e4 Rd8 29. Ra4 Nd7 30. Nxd7 Raxd7 31. e5 Ra7 32. Rea1 Rda8 33. R1a2 Bd3 34. Bf1
Bxf1 35. Kxf1 Kf8 36. Rb2 Ke7 37. h4 Kd7 38. Ke2 Kc7 39. Rba2 Kc6 40. Kd3 Ra6
41. Rb2 R8a7 42. f4 Ra8 43. h5 Re8 44. Kc3 g6 45. Rh2 Rg8 46. g5 hxg5 47. fxg5
gxh5 48. Rxh5 Rg7 49. Ra1 Ra8 50. Rg1 Rag8 51. Kb3 Rb8+ 52. Kc3 Rbg8 53. Rg2
Kb5 54. Rb2+ Kc6 55. Rb6+ Kc7 56. Ra6 Rxg5 57. Rxg5 Rxg5 58. Rxa5 Rg3+ 59. Kb4
Rd3 60. Kb5 Rb3+ 61. Ka4 Rd3 62. Ra7+ Kc6 63. Ra6+ Kc7 64. Kb5 Rb3+ 65. Ka4 Rd3
66. Kb5 1/2-1/2

[Event "DM 2023 G7 Grp 1"]
[Site "Svendborg"]
[Date "2023.04.09"]
[Round "6"]
[White "Haarh, Simon Bjork"]
[Black "Jensen, Thore Nyboe"]
[Result "0-1"]
[WhiteElo "1945"]
[BlackElo "2018"]
[PlyCount "122"]
[EventDate "2023.04.04"]
[EventType "swiss"]
[EventRounds "7"]
[EventCountry "DEN"]
[SourceTitle "Live v. Kasper Jerwiarz"]

1. e4 c6 2. d4 d5 3. Nc3 dxe4 4. Nxe4 Nd7 5. Nf3 Ngf6 6. Nxf6+ Nxf6 7. Bd3 Bg4
8. Be3 e6 9. h3 Bh5 10. Qe2 Bd6 11. O-O-O Nd5 12. g4 Bg6 13. Bxg6 hxg6 14. Bd2
Qc7 15. Kb1 O-O-O 16. Ne5 Bxe5 17. dxe5 c5 18. f4 c4 19. Bc1 Qc6 20. h4 b5 21.
Qf2 Kb7 22. Rd4 Nc3+ 23. bxc3 Qxh1 24. f5 gxf5 25. gxf5 Rxd4 26. Qxd4 Qd5 27.
Qf4 exf5 28. Qxf5 Rxh4 29. Qg5 Rh1 30. Kb2 g6 31. Qe7+ Kc6 32. Qf6+ Kc7 33.
Qe7+ Qd7 34. Qc5+ Kb7 35. Be3 Kb8 36. e6 fxe6 37. Qf8+ Kb7 38. Qc5 Rh5 39.
Qxa7+ Kc8 40. Qa8+ Kc7 41. Bf4+ e5 42. Qa7+ Kd6 43. Qb6+ Qc6 44. Qd8+ Ke6 45.
Qg8+ Kf5 46. Bc1 Kg4 47. Qg7 Kg3 48. Qa7 Rf5 49. Qe3+ Qf3 50. Qg1+ Qg2 51. Qb6
Kh4 52. Qxb5 Qe4 53. Qb6 Rf1 54. Qd8+ Kh3 55. Qh8+ Kg2 56. Qh6 Rf2 57. Bd2 Kf1
58. Kc1 Qg2 59. a4 Rxd2 60. Qxd2 Qxd2+ 61. Kxd2 Kf2 0-1

[Event "DM 2023 G7 Grp 1"]
[Site "Svendborg"]
[Date "2023.04.09"]
[Round "6"]
[White "Skaelbaek, Noah"]
[Black "Husted, Peter"]
[Result "1-0"]
[WhiteElo "1879"]
[BlackElo "2086"]
[PlyCount "33"]
[EventDate "2023.04.04"]
[EventType "swiss"]
[EventRounds "7"]
[EventCountry "DEN"]
[SourceTitle "Live v. Kasper Jerwiarz"]

1. e4 Nf6 2. e5 Nd5 3. c4 Nb6 4. d4 d6 5. Nf3 Bg4 6. exd6 cxd6 7. Nc3 e6 8. b3
Be7 9. Be2 O-O 10. O-O Nc6 11. Bb2 Bf6 12. Ne4 Be7 13. d5 exd5 14. cxd5 f5 15.
dxc6 fxe4 16. Nd4 Bxe2 17. Qxe2 1-0

[Event "DM 2023 G7 Grp 1"]
[Site "Svendborg"]
[Date "2023.04.09"]
[Round "6"]
[White "Saravana, Vedant Kumar"]
[Black "Madsen, Michael Baehring"]
[Result "0-1"]
[WhiteElo "1947"]
[BlackElo "2045"]
[PlyCount "76"]
[EventDate "2023.04.04"]
[EventType "swiss"]
[EventRounds "7"]
[EventCountry "DEN"]
[SourceTitle "Live v. Kasper Jerwiarz"]

1. e4 c5 2. Nf3 d6 3. d4 Nf6 4. Nc3 cxd4 5. Nxd4 a6 6. Be2 e5 7. Nb3 Be7 8. Be3
Be6 9. O-O O-O 10. a4 Nc6 11. Qd2 d5 12. exd5 Nxd5 13. Nxd5 Qxd5 14. Qc3 Bb4
15. Qd3 Qxd3 16. Bxd3 Bxb3 17. cxb3 Rad8 18. Bc4 Rd6 19. Rfd1 Rfd8 20. Be2 f5
21. Bb6 R8d7 22. Kf1 Kf7 23. Rac1 Ke7 24. Rxd6 Rxd6 25. Bc5 Bxc5 26. Rxc5 Rd2
27. Bxa6 Kd6 28. Rxc6+ Kxc6 29. Bb5+ Kc5 30. Ke1 Rxb2 31. Bc4 Kb4 32. g3 Rxb3
33. Bxb3 Kxb3 34. a5 Kb4 35. Kd2 Kxa5 36. Kc3 Kb5 37. f3 Kc5 38. h4 e4 0-1

[Event "DM 2023 G7 Grp 1"]
[Site "Svendborg"]
[Date "2023.04.09"]
[Round "6"]
[White "Christensen, Jacob Foged"]
[Black "Hollesen, Kurt"]
[Result "1-0"]
[WhiteElo "1832"]
[BlackElo "1968"]
[PlyCount "119"]
[EventDate "2023.04.04"]
[EventType "swiss"]
[EventRounds "7"]
[EventCountry "DEN"]
[SourceTitle "Live v. Kasper Jerwiarz"]

1. d4 d5 2. c4 e6 3. Nc3 f5 4. Nf3 Nf6 5. Bf4 c6 6. e3 Bd6 7. Bxd6 Qxd6 8. c5
Qc7 9. Bd3 O-O 10. O-O Nbd7 11. Ng5 Ng4 12. g3 Ndf6 13. Qe2 e5 14. h3 e4 15.
Bc2 Nh6 16. b4 Kh8 17. a4 Nhg8 18. h4 h6 19. Nh3 g6 20. b5 Qg7 21. Kg2 Ne7 22.
Qd2 Nh5 23. Nf4 Nf6 24. Rh1 Qf7 25. a5 Kg7 26. Ba4 a6 27. bxc6 bxc6 28. Rab1 g5
29. hxg5 hxg5 30. Nfe2 Bd7 31. Rb7 Rh8 32. Rg1 Qh5 33. Kf1 Qf3 34. Bd1 Qh5 35.
Nf4 Qh6 36. Ng2 Qh2 37. f4 g4 38. Qf2 Rab8 39. Rb6 Rxb6 40. axb6 Bc8 41. Nh4
Qh3+ 42. Qg2 Rxh4 43. gxh4 Qxe3 44. Ne2 Nh5 45. Qf2 Qd3 46. Qe1 Nxf4 47. Rg3
Qc4 48. Rc3 Nd3 49. Rxc4 Nxe1 50. Rb4 Nf3 51. b7 Bxb7 52. Rxb7 Kf6 53. h5 e3
54. Rc7 a5 55. Ba4 f4 56. Nxf4 Nxd4 57. h6 Ndf5 58. h7 Kg7 59. Bc2 Kh8 60. Bxf5
1-0

[Event "DM 2023 G7 Grp 1"]
[Site "Svendborg"]
[Date "2023.04.09"]
[Round "6"]
[White "Larsen, Ulrik"]
[Black "Christensen, John Christopher H"]
[Result "1-0"]
[WhiteElo "2028"]
[BlackElo "1924"]
[PlyCount "83"]
[EventDate "2023.04.04"]
[EventType "swiss"]
[EventRounds "7"]
[EventCountry "DEN"]
[SourceTitle "Live v. Kasper Jerwiarz"]

1. e4 c5 2. d4 cxd4 3. c3 g6 4. cxd4 d5 5. e5 Nc6 6. Nc3 Nh6 7. Nf3 Bg4 8. Be2
Nf5 9. O-O Bg7 10. Re1 O-O 11. Ng5 Bxe2 12. Nxe2 e6 13. Nf3 Rc8 14. Bg5 Qb6 15.
g4 Nfe7 16. Qd2 Rc7 17. Rac1 a5 18. Ng3 Rfc8 19. Bf6 Qb4 20. Qf4 Bf8 21. Rcd1
Nd8 22. Nh5 Qxb2 23. Bxe7 Rxe7 24. Nf6+ Kh8 25. Ng5 h6 26. Ngh7 Bg7 27. g5 h5
28. Qh4 Qc2 29. Nxh5 gxh5 30. Nf6 Bxf6 31. gxf6 Qg6+ 32. Kh1 Rec7 33. f3 Rc2
34. Rg1 Qf5 35. Qg3 Qh7 36. Qf4 h4 37. Rg7 Qh5 38. Rdg1 Nc6 39. R1g4 Nxd4 40.
Rxh4 Rc1+ 41. Kg2 Rg1+ 42. Kh3 1-0

[Event "DM 2023 G7 Grp 1"]
[Site "Svendborg"]
[Date "2023.04.09"]
[Round "6"]
[White "Nielsen, Thomas (1975)"]
[Black "Rasmussen, Johnny Koust"]
[Result "1/2-1/2"]
[WhiteElo "1973"]
[BlackElo "1824"]
[PlyCount "72"]
[EventDate "2023.04.04"]
[EventType "swiss"]
[EventRounds "7"]
[EventCountry "DEN"]
[SourceTitle "Live v. Kasper Jerwiarz"]

1. d4 Nf6 2. c4 e6 3. Nf3 b6 4. g3 Bb7 5. Bg2 Bb4+ 6. Nbd2 O-O 7. O-O d5 8. a3
Be7 9. cxd5 exd5 10. b4 Nbd7 11. Nb3 Ne4 12. Be3 Ng5 13. Nxg5 Bxg5 14. Bxg5
Qxg5 15. Rc1 Rac8 16. Qd3 Rfe8 17. e3 Qh6 18. Rfe1 Nf6 19. Nd2 Re7 20. Rc2 Rce8
21. Rec1 c6 22. b5 cxb5 23. Qxb5 Ng4 24. h3 Nxf2 25. Kxf2 Qxe3+ 26. Kf1 Qxa3
27. Qb3 Qd6 28. Kg1 Re3 29. Rc3 Qxg3 30. Nf1 Rxc3 31. Rxc3 Qf4 32. Qa4 Re2 33.
Rf3 Qg5 34. Rg3 Qf4 35. Rf3 Qg5 36. Rg3 Qf4 1/2-1/2

[Event "DM 2023 G7 Grp 1"]
[Site "Svendborg"]
[Date "2023.04.09"]
[Round "6"]
[White "Ringsmose, Christian"]
[Black "Nielsen, Aage Sondergaard"]
[Result "1-0"]
[WhiteElo "1778"]
[BlackElo "1835"]
[PlyCount "92"]
[EventDate "2023.04.04"]
[EventType "swiss"]
[EventRounds "7"]
[EventCountry "DEN"]
[SourceTitle "Live v. Kasper Jerwiarz"]

1. e4 d6 2. d4 g6 3. Nc3 Bg7 4. f4 Nf6 5. Nf3 c6 6. h3 Qc7 7. Be3 b6 8. Qd2 Bb7
9. O-O-O Nbd7 10. e5 Nd5 11. Nxd5 cxd5 12. g4 e6 13. exd6 Qxd6 14. Bb5 a6 15.
Bxd7+ Qxd7 16. f5 O-O-O 17. Bf4 exf5 18. Bh2 Bc6 19. Qf4 Kb7 20. gxf5 f6 21.
Rhe1 h5 22. Kb1 g5 23. Qg3 h4 24. Qg4 Qf7 25. Re6 Bd7 26. Re3 Rhe8 27. Rc3 Bc6
28. Nd2 Qe7 29. a4 Qe2 30. Qg1 Bf8 31. Nb3 Bb4 32. Nc1 Qe4 33. Rxc6 Kxc6 34.
Nd3 Qe7 35. c3 Bd6 36. Qf1 Bxh2 37. Nb4+ Kd6 38. Qxa6 Rb8 39. Qb5 Qe4+ 40. Ka2
Rec8 41. Rd2 Rc4 42. Rxh2 Qxf5 43. b3 Rxc3 44. Re2 Qf3 45. a5 Rxb3 46. a6 Rc3
1-0

[Event "DM 2023 G7 Grp 1"]
[Site "Svendborg"]
[Date "2023.04.10"]
[Round "7"]
[White "Gregor, Bjarke"]
[Black "Loveid, Erik"]
[Result "1-0"]
[WhiteElo "2095"]
[BlackElo "2023"]
[PlyCount "41"]
[EventDate "2023.04.04"]
[EventType "swiss"]
[EventRounds "7"]
[EventCountry "DEN"]
[SourceTitle "Live v. Kasper Jerwiarz"]

1. e4 e6 2. d4 d5 3. Nc3 Bb4 4. e5 c5 5. a3 Bxc3+ 6. bxc3 Qc7 7. Qg4 f6 8. Bb5+
Kf8 9. a4 a6 10. Bd3 fxe5 11. Ba3 Nf6 12. Qg3 Nbd7 13. Nf3 Qa5 14. Ng5 Qxc3+
15. Ke2 Ke7 16. Qh3 Nf8 17. Bxc5+ Kd8 18. Bb6+ Ke7 19. Bc5+ Kd8 20. Nf7+ Kc7
21. Bd6+ 1-0

[Event "DM 2023 G7 Grp 1"]
[Site "Svendborg"]
[Date "2023.04.10"]
[Round "7"]
[White "Jensen, Thore Nyboe"]
[Black "Skaelbaek, Noah"]
[Result "1-0"]
[WhiteElo "2018"]
[BlackElo "1879"]
[PlyCount "45"]
[EventDate "2023.04.04"]
[EventType "swiss"]
[EventRounds "7"]
[EventCountry "DEN"]
[SourceTitle "Live v. Kasper Jerwiarz"]

1. e4 c5 2. d4 cxd4 3. Nf3 Nc6 4. c3 dxc3 5. Nxc3 e6 6. Bc4 a6 7. O-O Qc7 8.
Qe2 Bb4 9. Bd2 Nge7 10. a3 Ba5 11. b4 Bb6 12. Rac1 O-O 13. Nd5 exd5 14. exd5
Ng6 15. dxc6 dxc6 16. Ng5 Ne5 17. Bf4 h6 18. Bxe5 Qe7 19. Nf3 Re8 20. Rfe1 Bg4
21. h3 Bh5 22. g4 Bg6 23. Qb2 1-0

[Event "DM 2023 G7 Grp 1"]
[Site "Svendborg"]
[Date "2023.04.10"]
[Round "7"]
[White "Leonhardsen, Vebjorn Maanum"]
[Black "Jalving, August"]
[Result "1/2-1/2"]
[WhiteElo "1885"]
[BlackElo "1962"]
[PlyCount "74"]
[EventDate "2023.04.04"]
[EventType "swiss"]
[EventRounds "7"]
[EventCountry "DEN"]
[SourceTitle "Live v. Kasper Jerwiarz"]

1. c4 e5 2. Nc3 Bb4 3. Nd5 Bc5 4. e3 c6 5. Nc3 Qe7 6. Be2 d6 7. d4 Bb4 8. Nf3
Nf6 9. O-O O-O 10. Bd2 Nbd7 11. a3 Ba5 12. Nd5 Nxd5 13. Bxa5 N5f6 14. Bc3 Ne4
15. Qc2 Nxc3 16. Qxc3 e4 17. Nd2 d5 18. Rfc1 Qg5 19. cxd5 cxd5 20. Nf1 Nf6 21.
Rc2 h5 22. Qc7 h4 23. Qf4 Qxf4 24. exf4 Be6 25. Ne3 g6 26. Rac1 Ne8 27. Rc5 b6
28. R5c2 Nd6 29. Rc7 Rfd8 30. Kf1 a6 31. R7c6 b5 32. b3 Nf5 33. Nxf5 Bxf5 34.
Ke1 Bd7 35. R6c5 Be6 36. Rc6 Bd7 37. R6c5 Be6 1/2-1/2

[Event "DM 2023 G7 Grp 1"]
[Site "Svendborg"]
[Date "2023.04.10"]
[Round "7"]
[White "Rossen, Claus"]
[Black "Perets, Dmitry"]
[Result "0-1"]
[WhiteElo "2097"]
[BlackElo "1968"]
[PlyCount "86"]
[EventDate "2023.04.04"]
[EventType "swiss"]
[EventRounds "7"]
[EventCountry "DEN"]
[SourceTitle "Live v. Kasper Jerwiarz"]

1. e4 c5 2. Nc3 Nc6 3. f4 g6 4. Nf3 Bg7 5. Bc4 d6 6. O-O Nf6 7. d3 O-O 8. Kh1
Na5 9. e5 Ne8 10. Qe1 Nc7 11. Ne4 b6 12. Bb3 d5 13. Ng3 Ba6 14. Bd2 Nc6 15. c4
Qd7 16. f5 Rad8 17. e6 fxe6 18. fxe6 Qd6 19. cxd5 Nxd5 20. Ne4 Qc7 21. Nfg5 Ne5
22. Rxf8+ Bxf8 23. Qh4 h6 24. Nf7 Nxf7 25. exf7+ Kxf7 26. Rf1+ Ke8 27. Rxf8+
Kxf8 28. Qxh6+ Ke8 29. Qxg6+ Kd7 30. Bxd5 Rf8 31. Ng3 Bb5 32. Be6+ Kd8 33. Qh6
Rf6 34. Qh8+ Be8 35. Bg4 Qe5 36. Bc3 Qf4 37. h3 Rh6 38. Qe5 Qxg4 39. Nf5 Rxh3+
40. Kg1 Qd1+ 41. Be1 Rh7 42. d4 Bd7 43. Ng3 Qxd4+ 0-1

[Event "DM 2023 G7 Grp 1"]
[Site "Svendborg"]
[Date "2023.04.10"]
[Round "7"]
[White "Madsen, Michael Baehring"]
[Black "Jensen, Morten Frank"]
[Result "1-0"]
[WhiteElo "2045"]
[BlackElo "2048"]
[PlyCount "69"]
[EventDate "2023.04.04"]
[EventType "swiss"]
[EventRounds "7"]
[EventCountry "DEN"]
[SourceTitle "Live v. Kasper Jerwiarz"]

1. e4 c6 2. d3 d5 3. Nf3 dxe4 4. dxe4 Qxd1+ 5. Kxd1 Bg4 6. Be2 Nd7 7. Ne1 Bxe2+
8. Kxe2 g6 9. Nd3 Bg7 10. Be3 Ngf6 11. f3 h5 12. a4 O-O 13. Nd2 Ne8 14. c3 Nd6
15. h3 f5 16. g4 e5 17. gxf5 gxf5 18. Rhg1 Kh7 19. Rg2 f4 20. Bf2 Bf6 21. Nc5
Nxc5 22. Bxc5 Be7 23. Rag1 Rg8 24. Rxg8 Rxg8 25. Rxg8 Kxg8 26. Bxa7 Kf7 27. Kd3
Kg6 28. Nc4 Nf7 29. Bb8 Kf6 30. Na5 Ng5 31. Nxb7 Nxh3 32. Ke2 Ng5 33. a5 h4 34.
a6 h3 35. Kf2 1-0

[Event "DM 2023 G7 Grp 1"]
[Site "Svendborg"]
[Date "2023.04.10"]
[Round "7"]
[White "Ostergreen Johansen, Benjamin"]
[Black "Christensen, Jacob Foged"]
[Result "1-0"]
[WhiteElo "1962"]
[BlackElo "1832"]
[PlyCount "103"]
[EventDate "2023.04.04"]
[EventType "swiss"]
[EventRounds "7"]
[EventCountry "DEN"]
[SourceTitle "Live v. Kasper Jerwiarz"]

1. e4 c5 2. Nf3 Nc6 3. Bb5 a6 4. Bxc6 bxc6 5. d4 cxd4 6. Qxd4 h6 7. O-O d5 8.
c4 e6 9. exd5 cxd5 10. Nc3 Bb7 11. cxd5 Bxd5 12. Rd1 Nf6 13. Bf4 Be7 14. Nxd5
Qxd5 15. Qa4+ Qb5 16. Qxb5+ axb5 17. Nd4 b4 18. Nc6 Ra6 19. Rdc1 Nd5 20. Be5 f6
21. Bd4 Bd6 22. Nxb4 Nxb4 23. Rc8+ Ke7 24. Rxh8 Nc2 25. Rd1 Nxd4 26. Rxd4 Rxa2
27. g3 Rxb2 28. Rc8 Be5 29. Rdc4 Rd2 30. Rc2 Rxc2 31. Rxc2 g5 32. Ra2 Bd4 33.
Ra4 e5 34. g4 Kf7 35. Kf1 Kg6 36. f3 h5 37. h3 hxg4 38. hxg4 Kf7 39. Ra6 e4 40.
fxe4 Ke7 41. Ke2 Be5 42. Kd3 Kd7 43. Kc4 Ke7 44. Kd5 Kf7 45. Ra7+ Kg6 46. Ke6
Bc3 47. Ra8 Kg7 48. Kf5 Be5 49. Ra7+ Kf8 50. Kg6 Ke8 51. Rf7 Bd4 52. Rxf6 1-0

[Event "DM 2023 G7 Grp 1"]
[Site "Svendborg"]
[Date "2023.04.10"]
[Round "7"]
[White "Ringsmose, Christian"]
[Black "Larsen, Ulrik"]
[Result "1/2-1/2"]
[WhiteElo "1778"]
[BlackElo "2028"]
[PlyCount "45"]
[EventDate "2023.04.04"]
[EventType "swiss"]
[EventRounds "7"]
[EventCountry "DEN"]
[SourceTitle "Live v. Kasper Jerwiarz"]

1. e4 d6 2. d4 Nf6 3. Nc3 g6 4. f4 Bg7 5. Nf3 c5 6. dxc5 Qa5 7. Bd3 Qxc5 8. Qe2
O-O 9. Be3 Qa5 10. h3 Nc6 11. g4 d5 12. e5 Ne4 13. Bxe4 dxe4 14. Ng5 Rd8 15.
Qc4 e6 16. Ngxe4 Nb4 17. Rc1 b5 18. Qb3 Bb7 19. O-O Nd5 20. Nxd5 Bxd5 21. Qc3
Qxa2 22. Nd6 Rxd6 23. Ra1 1/2-1/2

[Event "DM 2023 G7 Grp 1"]
[Site "Svendborg"]
[Date "2023.04.10"]
[Round "7"]
[White "Poulsen, Peter Risgaard"]
[Black "Haarh, Simon Bjork"]
[Result "1-0"]
[WhiteElo "1880"]
[BlackElo "1945"]
[PlyCount "57"]
[EventDate "2023.04.04"]
[EventType "swiss"]
[EventRounds "7"]
[EventCountry "DEN"]
[SourceTitle "Live v. Kasper Jerwiarz"]

1. d4 Nf6 2. Bf4 g6 3. Nc3 Bg7 4. e4 d5 5. f3 dxe4 6. fxe4 c5 7. d5 O-O 8. Be2
Qa5 9. Qd2 Rd8 10. Nf3 Qb4 11. Bd3 c4 12. Be2 b5 13. O-O Bb7 14. a3 Qa5 15. Bh6
Nbd7 16. Bxg7 Kxg7 17. Rad1 Qb6+ 18. Kh1 Ng4 19. Nd4 Nge5 20. Qg5 Re8 21. Bg4
f6 22. Qh4 Bc8 23. Ncxb5 a6 24. Nc7 Nxg4 25. Nxe8+ Kf8 26. Nc7 Nde5 27. Nxa8
Qa7 28. h3 g5 29. Qxh7 1-0

[Event "DM 2023 G7 Grp 1"]
[Site "Svendborg"]
[Date "2023.04.10"]
[Round "7"]
[White "Husted, Peter"]
[Black "Saravana, Vedant Kumar"]
[Result "0-1"]
[WhiteElo "2086"]
[BlackElo "1947"]
[PlyCount "82"]
[EventDate "2023.04.04"]
[EventType "swiss"]
[EventRounds "7"]
[EventCountry "DEN"]
[SourceTitle "Live v. Kasper Jerwiarz"]

1. e4 e5 2. Nf3 Nc6 3. Bb5 a6 4. Ba4 Nf6 5. O-O Be7 6. d3 b5 7. Bb3 d6 8. c3
O-O 9. Re1 Re8 10. Nbd2 Na5 11. Bc2 c5 12. Nf1 Nc6 13. d4 cxd4 14. cxd4 Bg4 15.
d5 Nd4 16. Bd3 Nxf3+ 17. gxf3 Bh3 18. Ng3 Nd7 19. f4 exf4 20. Bxf4 g5 21. Be3
Ne5 22. Be2 Qd7 23. f3 f5 24. exf5 Bxf5 25. Bd4 Bf6 26. Rc1 Nxf3+ 27. Bxf3
Rxe1+ 28. Qxe1 Bxd4+ 29. Kh1 Bxb2 30. Rc6 Re8 31. Qd2 Bf6 32. Rxa6 Bg4 33. Bg2
Qe7 34. Ne4 Bf5 35. Ra7 Qe5 36. Nxf6+ Qxf6 37. h4 Qa1+ 38. Kh2 Qe5+ 39. Kg1
gxh4 40. Qg5+ Kh8 41. Qxh4 Qe3+ 0-1